Subdivisions of China by Area and Population - Statistics

General Stats
  • This quiz has been taken 13 times
  • The average score is 37 of 68
Answer Stats
Area Region Subdivision % Correct
1,228,400 km² Southwest Tibet
89%
1,664,900 km² Northwest Xinjiang
89%
179,700 km² South Guangdong
78%
473,000 km² Northeast Heilongjiang
78%
211,800 km² Central Hunan
78%
1,183,000 km² North Inner Mongolia
78%
205,600 km² Northwest Shaanxi
78%
486,000 km² Southwest Sichuan
78%
16,400 km² North Beijing
67%
126,840,000 South Guangdong
67%
237,600 km² South Guangxi
67%
188,800 km² North Hebei
67%
167,000 km² Central Henan
67%
1,106 km² South Hong Kong
67%
187,400 km² Northeast Jilin
67%
148,000 km² Northeast Liaoning
67%
33 km² South Macau
67%
722,300 km² Northwest Qinghai
67%
6,340 km² East Shanghai
67%
156,700 km² North Shanxi
67%
83,720,000 Southwest Sichuan
67%
12,000 km² North Tianjin
67%
394,100 km² Southwest Yunnan
67%
140,100 km² East Anhui
56%
124,000 km² East Fujian
56%
425,800 km² Northwest Gansu
56%
176,200 km² Southwest Guizhou
56%
35,400 km² South Hainan
56%
74,480,000 North Hebei
56%
7,474,200 South Hong Kong
56%
185,900 km² Central Hubei
56%
107,200 km² East Jiangsu
56%
683,200 South Macau
56%
66,400 km² Northwest Ningxia
56%
155,800 km² East Shandong
56%
3,660,000 Southwest Tibet
56%
65,400,000 East Zhejiang
56%
61,130,000 East Anhui
44%
21,886,000 North Beijing
44%
82,400 km² Southwest Chongqing
44%
39,730,000 East Fujian
44%
24,900,200 Northwest Gansu
44%
50,370,000 South Guangxi
44%
10,204,600 South Hainan
44%
31,250,000 Northeast Heilongjiang
44%
98,830,000 Central Henan
44%
24,000,000 North Inner Mongolia
44%
85,054,000 East Jiangsu
44%
166,900 km² East Jiangxi
44%
24,073,500 Northeast Jilin
44%
42,591,400 Northeast Liaoning
44%
5,940,000 Northwest Qinghai
44%
101,699,900 East Shandong
44%
13,730,000 North Tianjin
44%
25,890,000 Northwest Xinjiang
44%
46,900,000 Southwest Yunnan
44%
105,500 km² East Zhejiang
44%
32,124,300 Southwest Chongqing
33%
38,520,000 Southwest Guizhou
33%
58,300,000 Central Hubei
33%
66,220,000 Central Hunan
33%
45,174,000 East Jiangxi
33%
7,250,000 Northwest Ningxia
33%
39,540,000 Northwest Shaanxi
33%
24,894,300 East Shanghai
33%
34,804,800 North Shanxi
33%
36,010 km² East Taiwan
33%
23,568,400 East Taiwan
33%
No matching quizzes found
Score Distribution
Percent of People with Each Score
Percentile by Number Answered
Your Score History
You have not taken this quiz